00364pab a2200133 454500008004000000100002400040245008400064260000900148300001300157362001200170650002900182650001100211773000800222180718b2002 xxu||||| |||| 00| 0 eng d aDe, Bibhas K. et al aSocio economic variations among Reang and Halam tribes of West Tripura district c2002 ap.23-30. aJan-Mar aTribes - India - Tripura aTribes aTUI